| 000 | 00972nas a2200337 4500 | ||
|---|---|---|---|
| 001 | BR0203895 | ||
| 003 | BR-BrBNA | ||
| 005 | 20231205103142.0 | ||
| 007 | ta | ||
| 008 | 230509b bl.|||p| |||| 00| 00por d | ||
| 040 |
_aBR-BrBNA _bpor _cBiblioteca Nacional de Agricultura |
||
| 041 | _a(Pt) | ||
| 072 | _aL70 | ||
| 100 | 1 | _aDuarte, C.A. | |
| 100 | 1 | _aCattelan, J.W. | |
| 100 | 1 | _aAlessi, A.C. | |
| 100 | 1 | _aValente, P.P. | |
| 100 | 1 | _aAita, A. da C. | |
| 100 | 1 | _aRasera, L. | |
| 245 | 1 | _aEnterorrafias em plano aposicional convencional e com adesivo à base de cianoacrilato no cólon descendente de eqüinos | |
| 650 | _aEQUINO | ||
| 650 | _aANESTESIA | ||
| 650 | _aMEDICAMENTO | ||
| 650 | _aCIRURGIA | ||
| 650 | _aDIAGNÓSTICO | ||
| 650 | _aLESÃO | ||
| 650 | _aCÓLON | ||
| 773 | 0 |
_tCiência Rural (Brazil) _xISSN 0103-8478 _g(Jul-Aug 2002), v. 32(4) p. 595-601 _wBR0203895 |
|
| 909 |
_a202311 _bLúcia _c55 _dLúcia Elande |
||
| 942 |
_2AGRIS _n0 _cANA |
||
| 999 |
_c171364 _d171364 |
||